[Event "Serpiano op"]
[Site "Serpiano"]
[Date "2024.04.07"]
[Round "4"]
[White "Maeusbacher, Toni"]
[Black "Mathisen, Runar"]
[Result "1-0"]
[WhiteElo "1891"]
[BlackElo "1881"]
[PlyCount "79"]
[EventDate "2024.04.05"]
[EventType "swiss"]
[EventRounds "5"]
[EventCountry "SUI"]
[SourceTitle "CB16_2024"]
[SourceDate "2024.04.17"]
[SourceVersion "1"]
[SourceVersionDate "2024.04.17"]
[SourceQuality "1"]

1. d4 Nf6 2. Bg5 e6 3. e4 c5 4. d5 h6 5. Bxf6 Qxf6 6. Nc3 a6 7. Nf3 e5 8. a4 d6 9. h3 Be7 10. Bd3 0-0 11. Qe2 Nd7 12. g4 Qf4 13. Nd1 Nf6 14. Ne3 Nh7 15. Nf5 Bxf5 16. gxf5 Ng5 17. Nd2 b5 18. b3 c4 19. bxc4 bxc4 20. Bxc4 Rfc8 21. Bd3 Nh7 22. Rg1 Qh4 23. 0-0-0 Bf8 24. Bxa6 Rc7 25. Bb5 Qd8 26. Nc4 Rc5 27. Bc6 Rb8 28. Rg3 Qc7 29. Rb3 Rxb3 30. cxb3 Rxc6 31. dxc6 Qxc6 32. Qe3 Nf6 33. f3 Nd7 34. Qa7 Nc5 35. Qb6 Qc8 36. Kb2 Nxa4+ 37. bxa4 Qxc4 38. Qb3 Qe2+ 39. Kb1 Qa6 40. Qb5 1-0

[Event "Serpiano op"]
[Site "Serpiano"]
[Date "2024.04.07"]
[Round "5"]
[White "Mathisen, Runar"]
[Black "Palazzi, Gianmarco"]
[Result "1-0"]
[WhiteElo "1881"]
[BlackElo "1399"]
[PlyCount "55"]
[EventDate "2024.04.05"]
[EventType "swiss"]
[EventRounds "5"]
[EventCountry "SUI"]
[SourceTitle "CB16_2024"]
[SourceDate "2024.04.17"]
[SourceVersion "1"]
[SourceVersionDate "2024.04.17"]
[SourceQuality "1"]

1. e4 e5 2. Nf3 Nc6 3. Nc3 Nf6 4. Bb5 d6 5. d4 a6 6. Bxc6+ bxc6 7. dxe5 Nd7 8. Bf4 dxe5 9. Bxe5 Bb7 10. 0-0 Nxe5 11. Nxe5 Qe7 12. Nd3 g6 13. f4 Bg7 14. e5 c5 15. Qg4 c4 16. Nf2 h5 17. Qe2 Qc5 18. Rae1 0-0-0 19. Nce4 Qc6 20. b3 Rd4 21. c3 Rd7 22. Qxc4 Qb6 23. Nd6+ Rxd6 24. exd6 Qxd6 25. Rd1 Qb6 26. Rfe1 Bf6 27. Qxf7 Kb8 28. Re6 1-0

[Event "CZE-ch Amateur"]
[Site "Hluk"]
[Date "2023.05.09"]
[Round "5"]
[White "Merva, Frantisek"]
[Black "Mathisen, Runar"]
[Result "1-0"]
[WhiteElo "1952"]
[BlackElo "1841"]
[PlyCount "61"]
[EventDate "2023.05.06"]
[EventType "swiss"]
[EventRounds "9"]
[EventCountry "CZE"]
[SourceTitle "CBM 214 Extra"]
[Source "ChessBase"]
[SourceDate "2023.07.31"]
[SourceVersion "1"]
[SourceVersionDate "2023.07.31"]
[SourceQuality "1"]

1. d4 d6 2. c4 e5 3. e3 f5 4. dxe5 dxe5 5. Qxd8+ Kxd8 6. Nf3 Bd6 7. Nc3 e4 8. Nd4 Nf6 9. Be2 c6 10. a3 a5 11. Na4 Bc7 12. Bd2 Ke7 13. h3 g6 14. 0-0 Nbd7 15. b4 Ne5 16. b5 Be6 17. Nxe6 Kxe6 18. Nc5+ Ke7 19. Nxb7 Nfd7 20. bxc6 Nxc6 21. Rab1 Rhb8 22. Rb5 Ra7 23. Rfb1 Bb6 24. c5 Nxc5 25. Nxc5 Bxc5 26. Rxb8 Nxb8 27. Rxb8 Bxa3 28. Rb5 a4 29. Ra5 Rb7 30. Rxa4 Rb1+ 31. Bf1 1-0

[Event "Hradec Kralove op 11th"]
[Site "Hradec Kralove"]
[Date "2021.11.09"]
[Round "4"]
[White "Lifshits, Felix"]
[Black "Mathisen, Runar"]
[Result "1/2-1/2"]
[WhiteElo "2185"]
[BlackElo "1880"]
[PlyCount "47"]
[EventDate "2021.11.06"]
[EventType "swiss"]
[EventRounds "9"]
[EventCountry "CZE"]
[SourceTitle "CBM 205 Extra"]
[Source "ChessBase"]
[SourceDate "2022.01.31"]
[SourceVersion "1"]
[SourceVersionDate "2022.01.31"]
[SourceQuality "1"]

1. e4 c5 2. Nc3 Nc6 3. g3 g6 4. Bg2 Bg7 5. Nge2 d6 6. 0-0 e6 7. d3 Nge7 8. Be3 Nd4 9. Qd2 0-0 10. Nd1 Qc7 11. Nc1 Rd8 12. c3 Ndc6 13. Ne2 Ne5 14. Bf4 c4 15. d4 Nd3 16. Bg5 f6 17. Be3 d5 18. f3 b5 19. Nf2 Nxf2 20. Rxf2 Bb7 21. Nf4 Rd6 22. Bh3 Bc8 23. Bg2 Bb7 24. Bh3 1/2-1/2

[Event "Balaton op 34th"]
[Site "Balatonboglar"]
[Date "2016.06.20"]
[Round "7"]
[White "Kincs, Imre"]
[Black "Mathisen, Runar"]
[Result "1-0"]
[WhiteElo "2154"]
[BlackElo "1852"]
[PlyCount "91"]
[EventDate "2016.06.14"]
[EventType "swiss"]
[EventRounds "9"]
[EventCountry "HUN"]
[SourceTitle "CBM 173 Extra"]
[Source "ChessBase"]
[SourceDate "2016.08.29"]
[SourceVersion "1"]
[SourceVersionDate "2016.08.29"]
[SourceQuality "1"]

1. d4 Nf6 2. Nf3 d6 3. c4 g6 4. Nc3 Bf5 5. h3 Ne4 6. Nxe4 Bxe4 7. Ng5 d5 8. f3 h6 9. fxe4 hxg5 10. exd5 g4 11. g3 Bg7 12. e4 c5 13. dxc5 Qa5+ 14. Kf2 gxh3 15. a3 Qxc5+ 16. Be3 Qa5 17. Bd4 Kf8 18. Bxh3 Na6 19. b4 Qc7 20. Bxg7+ Kxg7 21. Qd4+ f6 22. Bg4 Qe5 23. Qxe5 fxe5 24. c5 b6 25. c6 Nc7 26. a4 Rxh1 27. Rxh1 a6 28. Rc1 Rh8 29. Kg2 Kf6 30. Bd7 Kg7 31. Rd1 Rd8 32. d6 exd6 33. Rxd6 Ne8 34. Rd5 Nc7 35. Rxe5 Kf6 36. Rd5 Nxd5 37. exd5 Ke7 38. c7 Kxd7 39. cxd8Q+ Kxd8 40. Kf3 a5 41. bxa5 bxa5 42. g4 Ke7 43. g5 Kd7 44. Ke4 Kd6 45. Kd4 Kd7 46. Ke5 1-0

[Event "Balaton op 34th"]
[Site "Balatonboglar"]
[Date "2016.06.14"]
[Round "1"]
[White "Mathisen, Runar"]
[Black "Pirisi, Gabor"]
[Result "0-1"]
[WhiteElo "1852"]
[BlackElo "2212"]
[PlyCount "62"]
[EventDate "2016.06.14"]
[EventType "swiss"]
[EventRounds "9"]
[EventCountry "HUN"]
[SourceTitle "CBM 173 Extra"]
[Source "ChessBase"]
[SourceDate "2016.08.29"]
[SourceVersion "1"]
[SourceVersionDate "2016.08.29"]
[SourceQuality "1"]

1. e4 c5 2. Nf3 d6 3. d4 cxd4 4. Nxd4 Nf6 5. f3 g6 6. c4 Bg7 7. Nc3 Nc6 8. Be3 0-0 9. Be2 Bd7 10. Qd2 a5 11. 0-0 a4 12. Rac1 Qa5 13. Nxc6 bxc6 14. c5 d5 15. exd5 cxd5 16. Nxd5 Qxd2 17. Nxe7+ Kh8 18. Bxd2 Rfe8 19. c6 Be6 20. Bb4 Bf8 21. Nxg6+ hxg6 22. Bc3 Bg7 23. f4 Nd5 24. Bxg7+ Kxg7 25. Bf3 Nxf4 26. c7 Rac8 27. Bb7 Ne2+ 28. Kf2 Nxc1 29. Rxc1 Bxa2 30. Bxc8 Rxc8 31. Ke3 Kf6 0-1

[Event "NOR-ch Class1"]
[Site "Oslo"]
[Date "2015.07.07"]
[Round "5"]
[White "Solbu, Lasse Tveter"]
[Black "Mathisen, Runar"]
[Result "1-0"]
[WhiteElo "1752"]
[BlackElo "1863"]
[PlyCount "63"]
[EventDate "2015.07.04"]
[EventType "swiss"]
[EventRounds "9"]
[EventCountry "NOR"]
[SourceTitle "EXT 2017"]
[Source "ChessBase"]
[SourceDate "2016.10.25"]
[SourceVersion "1"]
[SourceVersionDate "2016.10.25"]
[SourceQuality "1"]

1. e4 c5 2. Nf3 g6 3. Nc3 Bg7 4. Bc4 Nc6 5. 0-0 e6 6. Re1 d6 7. d3 Nge7 8. Ne2 a6 9. a4 0-0 10. Ng3 d5 11. exd5 exd5 12. Ba2 Bg4 13. h3 Bxf3 14. Qxf3 Nd4 15. Qd1 Qd6 16. Bf4 Qxf4 17. Rxe7 Rab8 18. Rd7 Rfd8 19. Rxd5 Rxd5 20. Bxd5 h5 21. c3 h4 22. Nf1 Qe5 23. Ne3 Ne6 24. Qf3 Ng5 25. Qg4 Rd8 26. Bc4 Bf6 27. Re1 Kg7 28. f4 Qb8 29. fxg5 Be5 30. Rf1 Rf8 31. Qxh4 Bh2+ 32. Kh1 1-0

[Event "Teplice op 10th"]
[Site "Teplice"]
[Date "2015.06.18"]
[Round "6"]
[White "Nelson, Jonathan"]
[Black "Mathisen, Runar"]
[Result "1-0"]
[WhiteElo "2219"]
[BlackElo "1926"]
[PlyCount "97"]
[EventDate "2015.06.13"]
[EventType "swiss"]
[EventRounds "9"]
[EventCountry "CZE"]
[SourceTitle "EXT 2017"]
[Source "ChessBase"]
[SourceDate "2016.10.25"]
[SourceVersion "1"]
[SourceVersionDate "2016.10.25"]
[SourceQuality "1"]

1. d4 d5 2. Nf3 e6 3. e3 c5 4. b3 cxd4 5. exd4 b6 6. Bd3 Bb4+ 7. c3 Be7 8. 0-0 Nf6 9. Qe2 Bb7 10. Ne5 Ne4 11. Re1 0-0 12. f3 Nd6 13. Nd2 b5 14. Bb2 Qb6 15. Rab1 Rd8 16. c4 dxc4 17. bxc4 bxc4 18. Ndxc4 Nxc4 19. Nxc4 Qc7 20. Ne5 Bf6 21. Rec1 Qd6 22. Nc4 Bxd4+ 23. Kh1 Qf4 24. Bxd4 Rxd4 25. Rc2 Bc6 26. Ne5 Bd7 27. g3 Qg5 28. Be4 Rd5 29. Bxd5 exd5 30. Rc7 Qf5 31. Rbb7 Be6 32. Re7 Na6 33. Rxa7 Rc8 34. Rxa6 Rc1+ 35. Kg2 Qh3+ 36. Kf2 Qxh2+ 37. Ke3 d4+ 38. Kxd4 Qg1+ 39. Ke4 f5+ 40. Kd3 Rd1+ 41. Kc2 Rc1+ 42. Kd2 Rc8 43. Nd3 Bf7 44. Rxf7 Qd4 45. Rc7 Rd8 46. Qe6+ Kh8 47. Rd6 Qb4+ 48. Nxb4 Rxd6+ 49. Qxd6 1-0

[Event "Rhein Main op-A 17th"]
[Site "Bad Homburg"]
[Date "2014.06.22"]
[Round "7"]
[White "Soppa, Christoph"]
[Black "Mathisen, Runar"]
[Result "1/2-1/2"]
[WhiteElo "1875"]
[BlackElo "1945"]
[PlyCount "83"]
[EventDate "2014.06.18"]
[EventType "swiss"]
[EventRounds "7"]
[EventCountry "GER"]
[SourceTitle "CBM 161 Extra"]
[Source "ChessBase"]
[SourceDate "2014.08.29"]
[SourceVersion "1"]
[SourceVersionDate "2014.08.29"]
[SourceQuality "1"]

1. d4 Nf6 2. c4 c5 3. d5 e6 4. Nc3 exd5 5. cxd5 Bd6 6. g3 a6 7. a4 0-0 8. Bg2 Be5 9. Nf3 Bxc3+ 10. bxc3 d6 11. c4 Re8 12. 0-0 Nbd7 13. Bb2 b6 14. Re1 Rb8 15. Qc2 b5 16. axb5 axb5 17. Nd2 Nb6 18. e4 Nxc4 19. Nxc4 bxc4 20. Bxf6 Qxf6 21. Qxc4 Rb2 22. f4 Rb4 23. Qd3 Bd7 24. e5 dxe5 25. fxe5 Qb6 26. Qa6 c4+ 27. Qxb6 Rxb6 28. Rac1 Rc8 29. e6 fxe6 30. dxe6 Bxe6 31. Rxe6 Rxe6 32. Bd5 Kf7 33. Re1 Rce8 34. Rxe6 Rxe6 35. Bxc4 Kf6 36. Bxe6 Kxe6 37. Kf2 Kf5 38. Kf3 h5 39. h3 Ke5 40. Ke3 Kf5 41. Kf3 Ke5 42. Ke3 1/2-1/2

[Event "Iraklio SOI op-A 8th"]
[Site "Iraklio"]
[Date "2013.05.09"]
[Round "5"]
[White "Mathisen, Runar"]
[Black "Kadianis, Georgios"]
[Result "1/2-1/2"]
[WhiteElo "1909"]
[BlackElo "1676"]
[PlyCount "70"]
[EventDate "2013.05.06"]
[EventType "swiss"]
[EventRounds "7"]
[EventCountry "GRE"]
[SourceTitle "EXT 2024"]
[Source "ChessBase"]
[SourceDate "2023.10.10"]
[SourceVersion "1"]
[SourceVersionDate "2023.10.10"]
[SourceQuality "1"]

1. Nc3 e5 2. Nf3 Nc6 3. d4 exd4 4. Nxd4 g6 5. Nd5 a6 6. Bg5 f6 7. Bh4 d6 8. e4 Bg7 9. Bc4 Nh6 10. f4 Nf7 11. 0-0 0-0 12. Nxc6 bxc6 13. Nc3 Qe7 14. Bxf7+ Qxf7 15. f5 Bb7 16. Qd3 Rad8 17. Rae1 d5 18. e5 gxf5 19. e6 Qe7 20. Qxf5 Rde8 21. Re2 Bc8 22. Rfe1 Qb4 23. Bf2 Re7 24. a3 Qc4 25. Rd2 d4 26. Rxd4 Rxe6 27. Rxc4 Rxe1+ 28. Bxe1 Bxf5 29. Rxc6 Bxc2 30. Rxa6 f5 31. Re6 Rb8 32. h3 Rxb2 33. Re2 Bxc3 34. Bxc3 Rb1+ 35. Kf2 Be4 1/2-1/2

[Event "Iraklio SOI op-A 8th"]
[Site "Iraklio"]
[Date "2013.05.08"]
[Round "4"]
[White "Mathisen, Runar"]
[Black "Serpetsidakis, Nikolaos"]
[Result "1-0"]
[WhiteElo "1909"]
[BlackElo "1593"]
[PlyCount "119"]
[EventDate "2013.05.06"]
[EventType "swiss"]
[EventRounds "7"]
[EventCountry "GRE"]
[SourceTitle "EXT 2024"]
[Source "ChessBase"]
[SourceDate "2023.10.10"]
[SourceVersion "1"]
[SourceVersionDate "2023.10.10"]
[SourceQuality "1"]

1. d4 Nf6 2. Nc3 d5 3. Bg5 Nbd7 4. Qd3 g6 5. f3 Bg7 6. e4 dxe4 7. fxe4 c6 8. e5 Nd5 9. Nxd5 cxd5 10. Qb5 Qb6 11. 0-0-0 Qxb5 12. Bxb5 h6 13. Bh4 a6 14. Bd3 b5 15. Ne2 Nb6 16. Bf2 Bg4 17. h3 Bxe2 18. Bxe2 0-0 19. Bh4 Ra7 20. Rhf1 Rc8 21. Bd3 Nc4 22. Rf3 a5 23. g4 a4 24. Be1 Rb7 25. Bb4 Bf8 26. e6 fxe6 27. Bxg6 Kg7 28. Bf7 Rb6 29. Re1 Rcc6 30. Bc5 Ra6 31. Be8 Rc8 32. Bxb5 Ra5 33. Bxc4 dxc4 34. Rxe6 Re8 35. Bb4 Rg5 36. Rf5 Rg6 37. d5 Rxe6 38. dxe6 Kg6 39. Bd2 Bg7 40. c3 Rd8 41. a3 Rd6 42. Rc5 Rxe6 43. Rxc4 Ra6 44. Kc2 Bf6 45. Rc5 Ra8 46. c4 Rb8 47. Bb4 Rd8 48. Rd5 Re8 49. Bc3 Bxc3 50. Kxc3 e5 51. Kd3 Rf8 52. Rxe5 Rf3+ 53. Re3 Rf2 54. Kc3 Rf1 55. c5 Rh1 56. Kb4 Rc1 57. Rc3 Rb1 58. c6 Rxb2+ 59. Kxa4 Rb8 60. c7 1-0

[Event "Iraklio SOI op-A 8th"]
[Site "Iraklio"]
[Date "2013.05.07"]
[Round "3"]
[White "Lirindzakis, Timotheos"]
[Black "Mathisen, Runar"]
[Result "1-0"]
[WhiteElo "2310"]
[BlackElo "1909"]
[PlyCount "97"]
[EventDate "2013.05.06"]
[EventType "swiss"]
[EventRounds "7"]
[EventCountry "GRE"]
[SourceTitle "EXT 2024"]
[Source "ChessBase"]
[SourceDate "2023.10.10"]
[SourceVersion "1"]
[SourceVersionDate "2023.10.10"]
[SourceQuality "1"]

1. Nf3 c5 2. c4 g6 3. e4 Bg7 4. d4 cxd4 5. Nxd4 Nc6 6. Be3 Nf6 7. Nc3 Ng4 8. Qxg4 Nxd4 9. Qd1 Ne6 10. Qd2 Qa5 11. Rc1 a6 12. b3 f5 13. exf5 Qxf5 14. Bd3 Qe5 15. 0-0 0-0 16. Nd5 Rf7 17. Nb6 Rb8 18. c5 Nf4 19. Bc4 e6 20. Rfe1 Qf5 21. Bf1 Bf8 22. b4 Nd5 23. Nxd5 Qxd5 24. Qxd5 exd5 25. g3 b6 26. Bf4 Rxf4 27. gxf4 bxc5 28. bxc5 Rb4 29. Rb1 a5 30. a3 Rb7 31. Bg2 Rc7 32. Bxd5+ Kg7 33. Rb5 Bxc5 34. Rxa5 d6 35. Kg2 Bb7 36. Bxb7 Rxb7 37. Re2 Rb3 38. Ra2 Kf6 39. Ra8 h5 40. a4 Kf5 41. Rf8+ Kg4 42. Rf6 g5 43. fxg5 Kxg5 44. Rf3 Rb6 45. a5 Ra6 46. Rb3 Kg4 47. Ra4+ Kf5 48. f4 Ke6 49. Rh3 1-0

[Event "Iraklio SOI op-A 8th"]
[Site "Iraklio"]
[Date "2013.05.07"]
[Round "2"]
[White "Vitsaxakis, Nikolaos"]
[Black "Mathisen, Runar"]
[Result "0-1"]
[WhiteElo "1471"]
[BlackElo "1909"]
[PlyCount "114"]
[EventDate "2013.05.06"]
[EventType "swiss"]
[EventRounds "7"]
[EventCountry "GRE"]
[SourceTitle "EXT 2024"]
[Source "ChessBase"]
[SourceDate "2023.10.10"]
[SourceVersion "1"]
[SourceVersionDate "2023.10.10"]
[SourceQuality "1"]

1. e4 c5 2. Nf3 Nc6 3. d4 cxd4 4. Nxd4 g6 5. c4 Bg7 6. Be3 Nf6 7. Nc3 Ng4 8. Nxc6 Nxe3 9. Nxd8 Nxd1 10. Rxd1 Kxd8 11. Rd3 f5 12. f3 Rf8 13. Re3 b6 14. Bd3 Bxc3+ 15. bxc3 f4 16. Re2 e5 17. Kf2 d6 18. Bc2 Ke7 19. Rd2 Be6 20. Rhd1 Rfd8 21. g3 Bxc4 22. gxf4 exf4 23. Bb3 Rac8 24. Bxc4 Rxc4 25. Rd3 Rc5 26. Ke1 Ke6 27. R1d2 g5 28. h3 h5 29. Rf2 Ke5 30. Rg2 Rg8 31. Kd2 b5 32. Rd4 Ke6 33. Kd3 Rgc8 34. Ke2 a6 35. Rd5 Rxd5 36. exd5+ Kf5 37. Kd3 Re8 38. Kd4 Re3 39. Rf2 Re1 40. c4 Rd1+ 41. Kc3 Rc1+ 42. Kd3 bxc4+ 43. Kd2 Rh1 44. Re2 Rxh3 45. Re6 Rxf3 46. Rxd6 Rd3+ 47. Ke2 Ke4 48. Re6+ Kxd5 49. Rxa6 Re3+ 50. Kd2 Kd4 51. Rd6+ Ke5 52. Rg6 Kf5 53. Rc6 c3+ 54. Rxc3 Rxc3 55. Kxc3 h4 56. a4 h3 57. a5 h2 0-1

[Event "Krakow-ch 3rd"]
[Site "Krakow"]
[Date "2012.08.12"]
[Round "5.12"]
[White "Walkusz, Witoslaw"]
[Black "Mathisen, Runar"]
[Result "1-0"]
[WhiteElo "2132"]
[BlackElo "1960"]
[PlyCount "69"]
[EventDate "2012.08.08"]
[EventType "swiss"]
[EventRounds "9"]
[EventCountry "POL"]
[SourceTitle "EXT 2023"]
[Source "ChessBase"]
[SourceDate "2022.10.05"]
[SourceVersion "1"]
[SourceVersionDate "2022.10.05"]
[SourceQuality "1"]

1. e4 c5 2. Nf3 Nc6 3. Bb5 g6 4. 0-0 Bg7 5. Re1 e5 6. c3 a6 7. Bf1 Nge7 8. a4 0-0 9. Na3 d5 10. d3 Kh8 11. h3 b5 12. Be3 b4 13. Nb1 d4 14. cxd4 cxd4 15. Bd2 Rb8 16. Bg5 f6 17. Bh4 Be6 18. Nbd2 Na5 19. Rc1 g5 20. Bg3 Qd7 21. Rc5 Nec6 22. Qa1 Rbc8 23. Rec1 Nb7 24. R5c2 b3 25. Rc4 Bxc4 26. Nxc4 Nca5 27. Nfd2 Nxc4 28. Nxc4 Qc7 29. Be2 Na5 30. Bg4 Nxc4 31. Bxc8 Rxc8 32. Rxc4 Qd7 33. Qc1 Rxc4 34. Qxc4 Qb7 35. f3 1-0

[Event "Rheinland Pfalz op 4th"]
[Site "Altenkirchen"]
[Date "2012.06.09"]
[Round "6"]
[White "Rosskothen, Arnd"]
[Black "Mathisen, Runar"]
[Result "1-0"]
[WhiteElo "2144"]
[BlackElo "1956"]
[PlyCount "39"]
[EventDate "2012.06.07"]
[EventType "swiss"]
[EventRounds "7"]
[EventCountry "GER"]
[SourceTitle "CBM 148 Extra"]
[Source "ChessBase"]
[SourceDate "2012.06.22"]
[SourceVersion "1"]
[SourceVersionDate "2012.06.22"]
[SourceQuality "1"]

1. e4 Nc6 2. Nf3 e6 3. d4 d5 4. Nc3 Nf6 5. e5 Ne4 6. Bd3 Bb4 7. Bd2 Nxd2 8. Qxd2 Bd7 9. a3 Be7 10. h4 f6 11. Qe2 f5 12. 0-0-0 g5 13. hxg5 Bxg5+ 14. Kb1 h5 15. g4 fxg4 16. Bg6+ Kf8 17. Rxh5 Rxh5 18. Bxh5 gxf3 19. Qxf3+ Bf6 20. exf6 1-0

[Event "Oslo Nordstrand GP A"]
[Site "Oslo"]
[Date "2012.04.20"]
[Round "4"]
[White "Hauge, Lars Oskar"]
[Black "Mathisen, Runar"]
[Result "1-0"]
[WhiteElo "2082"]
[BlackElo "1812"]
[PlyCount "85"]
[EventDate "2012.04.20"]
[EventType "swiss"]
[EventRounds "5"]
[EventCountry "NOR"]
[SourceTitle "EXT 2023"]
[Source "ChessBase"]
[SourceDate "2022.10.05"]
[SourceVersion "1"]
[SourceVersionDate "2022.10.05"]
[SourceQuality "1"]

1. e4 e6 2. d4 c5 3. Nf3 a6 4. d5 exd5 5. exd5 d6 6. Be2 Nf6 7. 0-0 Be7 8. c4 0-0 9. h3 h6 10. Bd3 Nbd7 11. Nc3 Rb8 12. b3 Ne8 13. Bc2 f5 14. Qd3 Ne5 15. Nxe5 dxe5 16. Bb2 Nd6 17. Qe3 Nf7 18. f4 exf4 19. Qxf4 Bd6 20. Qf2 Qg5 21. Ne2 Bd7 22. Rae1 Qd2 23. Ng3 Qxf2+ 24. Kxf2 g6 25. Ne2 b5 26. Bc3 bxc4 27. bxc4 Ne5 28. Nf4 Rfe8 29. Bxe5 Bxe5 30. Nxg6 Rb2 31. Nxe5 Rxc2+ 32. Kg1 Ba4 33. Rxf5 Rxa2 34. Re3 Bc2 35. Rg3+ Kh7 36. Rf7+ Kh8 37. Nd7 Ra1+ 38. Kh2 Rg8 39. Nxc5 Rxg3 40. Kxg3 Ra3+ 41. Rf3 Ra1 42. d6 Rd1 43. d7 1-0

[Event "Hamburg St Pauli op-A"]
[Site "Hamburg"]
[Date "2010.07.13"]
[Round "4"]
[White "Mathisen, Runar"]
[Black "Kaufeld, Juergen"]
[Result "0-1"]
[WhiteElo "1983"]
[BlackElo "2292"]
[PlyCount "40"]
[EventDate "2010.07.10"]
[EventType "swiss"]
[EventRounds "9"]
[EventCountry "GER"]
[SourceTitle "EXT 2013"]
[Source "ChessBase"]
[SourceDate "2012.11.22"]
[SourceVersion "1"]
[SourceVersionDate "2012.11.22"]
[SourceQuality "1"]

1. d4 d5 2. Nc3 Nf6 3. Bg5 Nbd7 4. Qd3 c5 5. Bxf6 Nxf6 6. dxc5 e6 7. 0-0-0 a6 8. e4 Bxc5 9. exd5 exd5 10. Nh3 0-0 11. f3 Qc7 12. g3 b5 13. Nxd5 Nxd5 14. Qxd5 Be6 15. Qe4 Bxa2 16. c4 Rfe8 17. Qf5 bxc4 18. Ng5 Be3+ 19. Kc2 Bb3+ 20. Kc3 Bxg5 0-1